Súčasný stav a potenciál využívania obnoviteľných zdrojov energie na Slovensku a v EÚ diplomová práca

Guardado en:
Detalles Bibliográficos
Autor principal: Pernecká, Dominika
Autor Corporativo: Obchodná fakulta EU. Katedra tovaroznalectva a kvality tovaru
Otros Autores: Kollár, Vojtech
Formato: Libro
Lenguaje:eslovaco
Publicado: Bratislava 2009
Etiquetas: Agregar Etiqueta
Sin Etiquetas, Sea el primero en etiquetar este registro!

MARC

LEADER 00000nam$a2200000$$$4500
001 0101016
005 20240319125442.9
041 0 |a slo 
044 |a SK 
245 1 0 |a Súčasný stav a potenciál využívania obnoviteľných zdrojov energie na Slovensku a v EÚ  |b diplomová práca  |c Dominika Pernecká ; škol. Vojtech Kollár 
264 1 |a Bratislava  |c 2009 
300 |a 82 s. 
100 1 |a Pernecká, Dominika 
700 1 |a Kollár, Vojtech 
710 2 |a Obchodná fakulta EU. Katedra tovaroznalectva a kvality tovaru